| 000 | 00472 a2200169 4500 | ||
|---|---|---|---|
| 003 | OSt | ||
| 005 | 20240116154925.0 | ||
| 008 | 240116b |||||||| |||| 00| 0 eng d | ||
| 020 | _a9788182715943 | ||
| 040 | _coclc | ||
| 082 |
_a297 _bMOU/D |
||
| 100 |
_aMoudoodi, Abul Ala _91860 |
||
| 245 |
_aDhana thatwa sastra chinthakal / _cAbul Ala Moudoodi |
||
| 260 |
_aKerala: _bIPH, _c2012 |
||
| 300 | _a220p | ||
| 942 |
_2ddc _cBK _h297 _iMOU/D _k297 _mMOU/D |
||
| 999 |
_c43222 _d43222 |
||